Normal view
MARC view
Entry Personal Name
001 - CONTROL NUMBER
- control field: 41351
003 - CONTROL NUMBER IDENTIFIER
- control field:
005 - DATE AND TIME OF LATEST TRANSACTION
- control field: 20240424120356.0
008 - FIXED-LENGTH DATA ELEMENTS
- fixed length control field: 240424|| aca||aabn | a|a d
040 ## - CATALOGING SOURCE
- Original cataloging agency:
- Transcribing agency:
100 ## - HEADING--PERSONAL NAME
- Personal name: KIMCHE David
670 ## - SOURCE DATA FOUND
- Source citation: Work cat.: ()20531: KIMCHE David aut, The Afro - Asian movement, 1973
